书目信息 |
| 题名: |
贝叶斯数据分析
|
|
| 作者: | 吴喜之 编著 | |
| 分册: | ||
| 出版信息: | 北京 中国人民大学出版社 2020.07 |
|
| 页数: | 296页 | |
| 开本: | 26cm | |
| 丛书名: | 基于R应用的统计学丛书 | |
| 单 册: | ||
| 中图分类: | O212.8 | |
| 科图分类: | ||
| 主题词: | 贝叶斯统计量--bei ye si tong ji liang | |
| 电子资源: | ||
| ISBN: | 978-7-300-28325-8 | |
| 000 | 01066nam 2200265 450 | |
| 001 | 0106081843 | |
| 005 | 20201106082046.0 | |
| 010 | @a978-7-300-28325-8@dCNY46.00 | |
| 100 | @a20200911d2020 em y0chiy50 ea | |
| 101 | 0 | @achi |
| 102 | @aCN@b110000 | |
| 105 | @aa z 000yy | |
| 106 | @ar | |
| 200 | 1 | @a贝叶斯数据分析@Abei ye si shu ju fen xi@e基于R与Python的实现@dBayesian data analysis implemented@eby R and Python@f吴喜之编著@zeng |
| 210 | @a北京@c中国人民大学出版社@d2020.07 | |
| 215 | @a296页@c图@d26cm | |
| 225 | 2 | @a基于R应用的统计学丛书@Aji yu Rying yong de tong ji xue cong shu |
| 330 | @a本书除了介绍贝叶斯统计的基本概念之外,还介绍了各种贝叶斯模型的数学背景、与贝叶斯模型对应的各种计算方法,并基于数据例子来介绍如何通过各种软件实现数据分析。 | |
| 461 | 0 | @12001 @a基于R应用的统计学丛书 |
| 510 | 1 | @aBayesian data analysis implemented@eby R and Python@zeng |
| 606 | 0 | @a贝叶斯统计量@Abei ye si tong ji liang |
| 690 | @aO212.8@v5 | |
| 701 | 0 | @a吴喜之@Awu xi zhi@4编著 |
| 801 | 0 | @aCN@bBJSZM@c20201106 |
| 905 | @b1193120-3@dO212.8@e137@f4 | |
| 贝叶斯数据分析:基于R与Python的实现=Bayesian data analysis implemented:by R and Python/吴喜之编著.-北京:中国人民大学出版社,2020.07 |
| 296页:图;26cm.-(基于R应用的统计学丛书) |
| ISBN 978-7-300-28325-8:CNY46.00 |
| 本书除了介绍贝叶斯统计的基本概念之外,还介绍了各种贝叶斯模型的数学背景、与贝叶斯模型对应的各种计算方法,并基于数据例子来介绍如何通过各种软件实现数据分析。 |
| ● |
| 相关链接 |
|
|
|
|
正题名:贝叶斯数据分析
索取号:O212.8/137
 
预约/预借
| 序号 | 登录号 | 条形码 | 馆藏地/架位号 | 状态 | 备注 |
| 1 | 1193120 | 211931203 | 第二样本阅览室/ [索取号:O212.8/137] | 在馆 | |
| 2 | 1193121 | 211931212 | 第三借阅区/ [索取号:O212.8/137] | 在馆 | |
| 3 | 1193122 | 211931221 | 第三借阅区/ [索取号:O212.8/137] | 在馆 | |
| 4 | 1193123 | 211931230 | 第三借阅区/ [索取号:O212.8/137] | 在馆 |